000 00944pam a2200301 i 4500
999 _c2883
_d2883
001 021262329
003 UkOxU
005 20230908133656.0
008 180323s2018 enk 000 p eng d
015 _aGBB865702
_2bnb
016 7 _a018828503
_2Uk
020 _a9781108462266
_qpaperback
035 _a(Uk)018828503
040 _aStDuBDS
_beng
_erda
_cStDuBDS
_dUk
_dKH8
042 _aukblsr
082 0 4 _a821.008 CAM
_223
130 _aSongs of ourselves
245 0 0 _aSongs of ourselves.
_nVolume 1,
_bCambridge assessment international education anthology of poetry in English.
250 _aNew edition.
264 1 _aCambridge :
_bCambridge University Press,
_c2018.
300 _axvi, 252 pages ;
_c25 cm
336 _atext
_2rdacontent
337 _aunmediated
_2rdamedia
338 _avolume
_2rdacarrier
650 0 _aEnglish poetry.
710 2 _aCambridge Assessment International Education (Organisation)
942 _2ddc
_cTR